<?xml version="1.0" encoding="UTF-8"?>
<marc:record xmlns:marc="http://www.loc.gov/MARC21/slim">
   <marc:leader>00000nam a2200000 a 4500</marc:leader>
   <marc:datafield ind1="1" ind2=" " tag="100">
      <marc:subfield code="a">Fleuchaus, Elisabeth</marc:subfield>
      <marc:subfield code="4">aut</marc:subfield>
      <marc:subfield code="e">Verfasser/-in</marc:subfield>
   </marc:datafield>
   <marc:datafield ind1=" " ind2=" " tag="653">
      <marc:subfield code="a">Gartentipps</marc:subfield>
   </marc:datafield>
   <marc:datafield ind1=" " ind2=" " tag="653">
      <marc:subfield code="a">Gartenpraxis</marc:subfield>
   </marc:datafield>
   <marc:datafield ind1=" " ind2=" " tag="653">
      <marc:subfield code="a">Blumen</marc:subfield>
   </marc:datafield>
   <marc:datafield ind1=" " ind2=" " tag="653">
      <marc:subfield code="a">Gartenpflanzen</marc:subfield>
   </marc:datafield>
   <marc:datafield ind1="0" ind2="0" tag="245">
      <marc:subfield code="a">Gartenblumen pflegen</marc:subfield>
   </marc:datafield>
   <marc:datafield ind1="0" ind2="0" tag="245">
      <marc:subfield code="b">Schritt für Schritt zu üppiger Blütenpracht</marc:subfield>
   </marc:datafield>
   <marc:datafield ind1="0" ind2="0" tag="245">
      <marc:subfield code="c">Elisabeth Fleuchaus</marc:subfield>
   </marc:datafield>
   <marc:datafield ind1=" " ind2="1" tag="264">
      <marc:subfield code="a">Wien [u.a.]</marc:subfield>
      <marc:subfield code="b">RM Buch und Medien Vertrieb</marc:subfield>
      <marc:subfield code="c">2008</marc:subfield>
   </marc:datafield>
   <marc:datafield ind1="1" ind2=" " tag="490">
      <marc:subfield code="a">GU</marc:subfield>
   </marc:datafield>
   <marc:datafield ind1=" " ind2=" " tag="250">
      <marc:subfield code="a">Ungek. Lizenzausg.</marc:subfield>
   </marc:datafield>
   <marc:datafield ind1="1" ind2=" " tag="520">
      <marc:subfield code="a">Richtig ausgewählte und gruppierte Gartenblumen erfreuen uns von Frühjahr bis in den Herbst hinein mit ihrem bunten Zusammenspiel von Form und Farbe: als Blickfang im Prachtstaudenbeet, als bunte Mixtur in abwechslungsreichen Rabatten, als Spezialisten im Kiesbeet oder an der Trockenmauer, als Schattenkünstler oder Sonnenhungrige. Dieser Ratgeber zeigt Ihnen Schritt für Schritt, wie Sie Blumenbeete richtig anlegen und standortgerecht bepflanzen. Darüber hinaus vermittelt er das ganze Know-how rund um die Pflege von Gartenblumen: vom Düngen über den Pflanzenschutz bis hin zum Überwintern und Vermehren. Der Porträtteil mit 120 der beliebtesten Stauden, Zwiebel- und Knollenblumen sowie ein- und zweijährigen Sommerblumen kennt für jeden Standort die passenden Pflanzen. So haben Sie Freude an Ihrem Blumengarten!</marc:subfield>
   </marc:datafield>
   <marc:datafield ind1=" " ind2=" " tag="300">
      <marc:subfield code="a">128 S. : zahlr. Ill.</marc:subfield>
   </marc:datafield>
</marc:record>
